| 000 | 01223nam0a2200313 4500 | ||
|---|---|---|---|
| 001 | RU\NLR\bibl\571056 | ||
| 005 | 20250610133050.0 | ||
| 010 |
_a5-900078-28-0 _91000 |
||
| 021 |
_aRU _b2004-58718 _92891 |
||
| 035 | _a(NLR Aleph) 000563119 | ||
| 090 |
_a1545112 _c1545112 |
||
| 100 | _a20041104d2004 |||y0rusy50 ca | ||
| 101 | 0 | _arus | |
| 102 | _aRU | ||
| 105 | _aa ||||||||| | ||
| 200 | 1 |
_aЗемля и небо _eЗаписки авиаконструктора _fЕ. Г. Адлер |
|
| 210 |
_aМ. _cРусАвиа _d2004 |
||
| 215 |
_a237, [1] с. _cил. _d22 |
||
| 606 | 0 |
_aВоенное самолетостроение _jВоспоминания, записки и т.п. _xИстория _yСССР _91334954 _3RU\NLR\auth\66240856 |
|
| 606 | 0 |
_aВоенное самолетостроение _jВоспоминания, записки и т.п. _xИстория _yСССР _92304978 _3RU\NLR\auth\661379804 |
|
| 686 | _aЦ651.11г(2),013 | ||
| 700 | 1 |
_aАдлер _bЕ. Г. _gЕвгений Георгиевич _4070 |
|
| 801 | 0 |
_aRU _bNLR _c20041104 _gPSBO |
|
| 801 | 1 |
_aRU _bNLR _c20041104 |
|
| 830 | _aАвт. по кн. | ||
| 942 | _cBOOK | ||
| 980 | _aNB | ||